Vplyv posuvu na drsnosť a kruhovitosť sústruženého povrchu

Na minha lista:
Detalhes bibliográficos
Autor principal: Raček, Martin (Author)
Outros Autores: Görög, Augustín (Thesis advisor)
Formato: Manuscrito Livro
Idioma:eslovaco
Publicado em: 2021
Assuntos:
Acesso em linha:http://is.stuba.sk/zp/portal_zp.pl?podrobnosti=148761
Tags: Adicionar Tag
Sem tags, seja o primeiro a adicionar uma tag!

MARC

LEADER 00000ntm a22000003a 4500
001 stuzp83365
003 SK-STU
005 20210703211820.7
007 ta
008 150427s2015----xo-----f-mn---000-0-slo-d
040 |a STU  |b slo 
041 0 |a slo 
100 1 |a Raček, Martin  |u 063000  |4 aut  |U MTF Materiálovotechnologická fakulta  |T MTF Ústav výrobných technológií  |X 97239  |U M3000  |Y 83  |7 97239 
242 0 1 |a Influence of feed on roughness and roundness of turned surface  |y eng 
245 1 0 |a Vplyv posuvu na drsnosť a kruhovitosť sústruženého povrchu 
260 |c 2021 
650 4 |a Drsnosť povrchu  |2 slo 
650 4 |a Kruhovitosť  |2 slo 
650 4 |a Posuv  |2 slo 
650 4 |a Meranie  |2 slo 
650 4 |a Harmonická analýza  |2 slo 
650 4 |a Surface roughness  |2 eng 
650 4 |a Roundness  |2 eng 
650 4 |a Measurement  |2 eng 
650 4 |a Feed  |2 eng 
650 4 |a Harmonic analysis  |2 eng 
700 1 |a Görög, Augustín  |u 063200  |k Z1  |4 ths  |U MTF Ústav výrobných technológií  |T MTF Katedra obrábania a počítačovej podpory technológií  |X 4179  |U M3200  |Y 164  |7 A000004179 
856 4 |u http://is.stuba.sk/zp/portal_zp.pl?podrobnosti=148761 
996 |c M* BP-9192  |l MMSKP  |s P  |a 0  |w stuzp83365_0001